000 01227nmm a2200289 a 4500
001 ocm000701557
003 TR-IsHL
005 20201028155250.0
008 110704s2009 tu tur
007 cr cn
020 _a9788754683042
035 _a701557
_b(N$T)
050 0 4 _aPT2662.B74
_bK8 2009
090 0 4 _aPT2662.B74
_bK8 2009
100 1 _aBrezina, Thomas
245 1 0 _aDört kafadarlar takımı: kurt adamların ormanında
_h[electronic resource] /
_cThomas Brezina ; çev. Veysel Atayman
260 _aİstanbul :
_bSay Yayınları,
_c2009
300 _a160 p.
500 _aDört Kafadarlar, bu kez Kanada'dadır. Orada ay ışığında piknik yaparlar. Burası çok güzel bir yerdir, ancak gece yapılan bu gezi tam bir kabusa döner. Ortaya Kurt Adamlar çıkar; Axel'i ele geçirirler. 'Kurt Adam' denen bu masal varlıkları gerçek olabilir mi?
_x
650 4 _aDil ve Edebiyat
650 4 _aLanguage and Literature
650 0 _aAvusturalya romanı
650 0 _aAustralian fiction
650 7 _aJUVENILE FICTION / Action & Adventure / General
_2bisacsh
700 1 _aAtayman, Veysel
856 4 0 _uhttp://search.ebscohost.com/login.aspx?direct=true&scope=site&db=e011xww&AN=701557
999 _c12997
_d12997